Modeling and finite element analysis of fluid structure interaction in a wind energy harvester (Record no. 325855)

000 -LEADER
fixed length control field 00480 a2200121 4500
001 - CONTROL NUMBER
control field 90782
082 ## - DEWEY DECIMAL CLASSIFICATION NUMBER
Classification number 624.17 CHE
090 ## - LOCALLY ASSIGNED LC-TYPE CALL NUMBER (OCLC); LOCAL CALL NUMBER (RLIN)
-- 42955
-- 42955
100 ## - MAIN ENTRY--PERSONAL NAME
Personal name Cheruku Bargav
245 ## - TITLE STATEMENT
Title Modeling and finite element analysis of fluid structure interaction in a wind energy harvester
Remainder of title MS thesis of mechanical engg presented to Graduate school of Clemson University
Statement of responsibility, etc. gang Li Dr; Mohammad daqaq Dr; Lonny Thompson Dr
260 ## - PUBLICATION, DISTRIBUTION, ETC.
Place of publication, distribution, etc. MI, USA
Name of publisher, distributor, etc. ProQuest LLC
Date of publication, distribution, etc. 2011
300 ## - PHYSICAL DESCRIPTION
Extent xi, 82 p.
942 ## - ADDED ENTRY ELEMENTS (KOHA)
Institution code [OBSOLETE] CAE NUST
Call number prefix 624.17 CHE
Holdings
Withdrawn status Lost status Damaged status Not for loan Collection code Permanent Location Current Location Date acquired Total Checkouts Full call number Barcode Date last seen Price effective from Koha item type
          College of Aeronautical Engineering (CAE) College of Aeronautical Engineering (CAE) 04/03/2017   624.17 CHE CAE87144 04/05/2017 04/05/2017 Book
© 2023 Central Library, National University of Sciences and Technology. All Rights Reserved.